Civilizace a dějiny historie světa pohledem dvaceti českých vědců

Gespeichert in:
Bibliographische Detailangaben
1. Verfasser: Bárta, Miroslav
Weitere Verfasser: Kovář, Martin
Format: Buch
Sprache:Tschechisch
Veröffentlicht: Praha Academia 2013
Schlagworte:
Tags: Tag hinzufügen
Keine Tags, Fügen Sie das erste Tag hinzu!

MARC

LEADER 00000nam a2200000 4500
001 0223274
005 20240314103436.6
020 |a 978-80-200-2301-8 
041 0 |a cze 
044 |a CZ 
245 1 0 |a Civilizace a dějiny  |b historie světa pohledem dvaceti českých vědců  |c Miroslav Bárta, Martin Kovář a kolektiv autorů 
264 1 |a Praha  |b Academia  |c 2013 
300 |a 557 s. 
610 2 0 |a svet 
610 2 0 |a civilizácia 
610 2 0 |a vývoj 
610 2 0 |a dejiny 
610 2 0 |a kultúra 
610 2 0 |a spoločnosť 
100 1 |a Bárta, Miroslav 
700 1 |a Kovář, Martin